Capitals of nations that no longer exist quiz - Statistics

General Stats
  • This quiz has been taken 83 times
  • The average score is 9 of 15
Answer Stats
Nation Capital % Correct
Czechoslovakia Prague
92%
Dutch Republic Amsterdam
89%
Austro-Hungarian Empire Vienna
89%
Byzantine Empire Constantinople
88%
Yugoslavia Belgrade
85%
Russian Empire St Petersburg
78%
Kingdom of Prussia Berlin
72%
Kingdom of Sicily Palermo
72%
Piedmont-Sardinia Turin
45%
Wallachia Bucharest
35%
Kalmar Union Copenhagen
32%
Umayyad Caliphate Damascus
31%
Ancient Macedonia Pella
15%
Wessex Winchester
15%
Western Roman Empire Ravenna
14%
No matching quizzes found
Score Distribution
Percent of People with Each Score
Percentile by Number Answered
Your Score History
You have not taken this quiz